|
|
|
|
| LEADER |
01163nam a22002657i 4500 |
| 001 |
29198 |
| 003 |
BD-DhAAL |
| 005 |
20150512120420.0 |
| 008 |
150512s2011 bg 000 1 ben |
| 020 |
|
|
|a 9848239316
|
| 040 |
|
|
|a BD-DhAAL
|c BD-DhAAL
|
| 041 |
|
|
|a ben
|
| 082 |
|
|
|a 891.44371
|
| 100 |
1 |
|
|a রোকেয়া, বেগম
|9 6691
|
| 245 |
1 |
0 |
|a অবরোধ-বাসিনী /
|c বেগম রোকেয়া; সম্পাদনায় আমিনুর সুলতান।
|
| 260 |
|
|
|a ঢাকাঃ
|b সুচয়নী পাবলিশার্স,
|c ২০১১
|
| 300 |
|
|
|a ৪৪ পৃ ;
|c ২২ সেমি
|
| 500 |
|
|
|a Novel.
|
| 541 |
|
|
|e 29198
|
| 546 |
|
|
|a In Bengali.
|
| 651 |
|
0 |
|a Bangladesh
|x Fiction
|9 6692
|
| 700 |
1 |
|
|a সুলতান, আমিনুর রহমান [সম্পাদক]
|9 10943
|
| 942 |
|
|
|2 ddc
|c BK
|
| 999 |
|
|
|c 34383
|d 34383
|
| 952 |
|
|
|0 0
|1 0
|2 ddc
|4 0
|6 891_443710000000000_ROK
|7 0
|9 53687
|a BRACUL
|b BRACUL
|c GEN
|d 2015-05-12
|e BRAC Institute of Language (BIL)
|l 9
|m 19
|o 891.44371 ROK
|p 3010029198
|q 2026-05-17
|r 2026-02-19
|s 2026-02-19
|t 1
|w 2015-05-12
|y BK
|x Transferred from BIL to BRACUL on 06/06/22
|